Znane miejsca w europie - Statystyki

Ogólne statystyki
  • Ten quiz został rozwiązany 27 razy
  • Średni wynik to 9 z 16
Statystyki odpowiedzi
Obrazkowy Odpowiedź % Poprawnych
Koloseum
100%
Wieża Eiffla
100%
Big Ben
96%
Krzywa wieża w Pizie
79%
Łuk Triumfalny
71%
Luwr
71%
Sukiennice
71%
Akropol
67%
Wawel
67%
Katedra Notre Damme
54%
Sagrada Familia
50%
Tower Bridge
38%
Bazylika św Piotra
33%
Wersal
25%
Pałac Shonbrunn
0%
Pałac Westminsterski
0%
Nie znaleziono quizów pasujących do podanych kryteriów
Rozkład punktacji
Procent ludzi z każdym wynikiem
Percentyl według liczby udzielonych odpowiedzi
Twoja historia wyników
Nie rozwiązałeś tego quizu